[Event "77th ch-BUL 2013"]
[Site "Bankya BUL"]
[Date "2013.04.19"]
[Round "4.4"]
[White "Nikolov,Mo"]
[Black "Georgiev,Ki"]
[Result "1/2-1/2"]
[WhiteElo "2527"]
[BlackElo "2657"]

1.Nf3 Nf6 2.c4 c6 3.d4 d5 4.Nc3 dxc4 5.a4 Bf5 6.Ne5 Nbd7 7.Nxc4 Qc7 8.g3 e5
9.dxe5 Nxe5 10.Bf4 Rd8 11.Qc1 Bd6 12.Nxd6+ Qxd6 13.Bg2 Qe7 14.O-O a5 15.h3 h6
16.b3 O-O 17.g4 Bg6 18.Qe3 Rfe8 19.Rfd1 Rxd1+ 20.Rxd1 Bc2 21.Rd2 Bxb3 22.Qxe5 Qxe5
23.Bxe5 Rxe5 24.Rb2 Be6 25.Rxb7 Rc5 26.Ne4 Nxe4 27.Bxe4 g6 28.Rb6 Bd5 29.Bxd5 Rxd5
30.Rxc6 Rd4 31.Kg2 Rxa4 32.Ra6 Kg7 33.Kg3 Re4 34.Rxa5 Rxe2 35.h4 Re7 36.h5 g5
37.Ra6 Rd7 38.f3 Re7 39.Rb6 Rd7 40.Ra6 Re7  1/2-1/2

[Event "ch-POL w 2013"]
[Site "Chorzow POL"]
[Date "2013.04.20"]
[Round "8.1"]
[White "Worek,J"]
[Black "Matras Clement,A"]
[Result "1-0"]
[WhiteElo "2312"]
[BlackElo "2274"]

1.d4 d5 2.c4 c6 3.Nc3 Nf6 4.Nf3 dxc4 5.a4 Bf5 6.Nh4 Bg4 7.h3 Bh5 8.g4 Bg6
9.Nxg6 hxg6 10.e4 e6 11.g5 Nh5 12.Bxc4 Bb4 13.Be3 Nd7 14.Qb3 a5 15.Kf1 Qc7
16.Ne2 Nb6 17.Bd3 O-O 18.Rc1 Rad8 19.Kg2 Rfe8 20.Rhd1 Nc8 21.Bb1 Bd6 22.h4 e5
23.d5 Qd7 24.f3 Ne7 25.dxc6 Nxc6 26.Rd5 Nd4 27.Bxd4 exd4 28.Rd1 Qe7 29.R1xd4 Be5
30.Rd1 Rxd5 31.Rxd5 Qc7 32.Qb5 Re7 33.Qxa5 Qxa5 34.Rxa5 Bxb2 35.f4 Rc7 36.Rb5 Ba3
37.Kf3 Bc5 38.a5 Ba3 39.Ba2 Rc2 40.Bd5 Rd2 41.Ke3 Rd1 42.Bxb7 Bd6 43.Rd5 Rxd5
44.Bxd5 Kf8 45.a6 Ke7 46.Kf3 Bc5 47.Nc3  1-0

[Event "TCh-HUN 2012-13"]
[Site "Budapest HUN"]
[Date "2013.04.21"]
[Round "9"]
[White "Babula,V"]
[Black "Horvath,Cs1"]
[Result "1/2-1/2"]
[WhiteElo "2595"]
[BlackElo "2526"]

1.d4 d5 2.c4 c6 3.Nf3 Nf6 4.Nc3 dxc4 5.a4 Bf5 6.Nh4 Bc8 7.e3 Bg4 8.f3 Bd7
9.e4 e6 10.Bxc4 c5 11.O-O cxd4 12.Qxd4 Nc6 13.Qf2 Be7 14.g3 O-O  1/2-1/2

[Event "TCh-HUN 2012-13"]
[Site "Kecskemet HUN"]
[Date "2013.04.21"]
[Round "9"]
[White "Csonka,B"]
[Black "Kiss,Pa1"]
[Result "1/2-1/2"]
[WhiteElo "2287"]
[BlackElo "2356"]

1.d4 d5 2.c4 c6 3.Nf3 Nf6 4.Nc3 dxc4 5.a4 Bf5 6.Ne5 e6 7.f3 c5 8.e4 Bg6 9.Be3 cxd4
10.Qxd4 Qxd4 11.Bxd4 Nbd7 12.Nxd7 Nxd7 13.Bxc4 a6 14.Rc1 Rg8 15.h4 h5 16.Ne2 Bd6
17.Be3 Ne5 18.Nf4 Rc8 19.Bb3 Rxc1+ 20.Bxc1 Ke7 21.Ke2 Rb8 22.Rd1 b5 23.axb5 Rxb5
24.Ba4 Rb7 25.b3 f6 26.Rxd6 Kxd6 27.Ba3+ Kc7 28.Nxe6+ Kc8 29.Bf8 Bf7 30.Nc5 Ra7
31.Bd6 Nd7 32.Bxd7+ Rxd7 33.Nxd7 Kxd7 34.Bf8 g6 35.b4 Bc4+ 36.Ke3 Ke6 37.g4 Kf7
38.Bc5 Be6 39.g5 f5 40.Kd4 fxe4 41.fxe4 Bh3 42.Ke5  1/2-1/2

[Event "48th Capablanca Open II 2013"]
[Site "Havana CUB"]
[Date "2013.04.24"]
[Round "4.48"]
[White "Martinez Perez,Juan Carlos"]
[Black "Fuentes,Adrian"]
[Result "0-1"]
[WhiteElo "1424"]
[BlackElo "1984"]

1.d4 d5 2.c4 c6 3.Nf3 Nf6 4.Nc3 dxc4 5.a4 Bf5 6.e3 e6 7.Bxc4 Bb4 8.O-O Nbd7
9.Bd2 Qe7 10.Qe2 Bxc3 11.bxc3 O-O 12.Bc1 Ne4 13.Bb2 Bg4 14.Rfb1 Qf6 15.Bd3 Ng5
16.Kf1 Nxf3 17.gxf3 Bxf3 18.Qc2 Qg5 19.Ke1 Qg1+ 20.Bf1 Nf6 21.Ra2 Be4 22.Qc1 Ng4
23.Ba3 Nxh2 24.Re2 Nf3+  0-1

[Event "48th Capablanca Open I 2013"]
[Site "Havana CUB"]
[Date "2013.04.24"]
[Round "4.28"]
[White "Gongora Montes,B"]
[Black "Soto Hernandez,H"]
[Result "0-1"]
[WhiteElo "2253"]
[BlackElo "2383"]

1.d4 d5 2.c4 c6 3.Nf3 Nf6 4.Nc3 dxc4 5.a4 Bf5 6.g3 e6 7.Bg2 Bb4 8.O-O h6
9.Ne5 O-O 10.Nxc4 a5 11.Bf4 Bh7 12.Na2 Nd5 13.Bd2 Na6 14.e4 Nf6 15.e5 Nd5
16.Nxb4 Naxb4 17.Qg4 Bf5 18.Qh5 Bg6 19.Qg4 Nc2 20.Nd6 Nxa1 21.Rxa1 Qb6 22.Ne4 Qxb2
23.Rd1 Bf5 24.Qh5 Bxe4 25.Bxe4 Qxd4 26.Bb1 f5 27.exf6 Qxf6 28.Qe2 b5 29.Rc1 Rac8
30.Bxa5 bxa4 31.Rc4 a3 32.Qc2 Qf5 33.Qa2 Qf6 34.Qc2 Rb8 35.Qh7+ Kf7 36.Rxc6 Rb2  0-1

[Event "ch-SRB 2013"]
[Site "Vrnjacka Banja SRB"]
[Date "2013.04.24"]
[Round "10.4"]
[White "Indjic,A"]
[Black "Bogosavljevic,B"]
[Result "1/2-1/2"]
[WhiteElo "2519"]
[BlackElo "2512"]

1.d4 d5 2.c4 c6 3.Nf3 Nf6 4.Nc3 dxc4 5.a4 Bf5 6.Ne5 Na6 7.e3 Nb4 8.Bxc4 e6
9.O-O Be7 10.Qe2 Bc2 11.Na2 Nxa2 12.Rxa2 Be4 13.Rd1 O-O 14.f3 Bd5 15.e4 Bxc4
16.Nxc4 Qc7 17.Be3 Rfd8 18.b3 c5 19.Rad2 cxd4 20.Rxd4 Rxd4 21.Bxd4 Bc5 22.Bxc5 Qxc5+
23.Qe3 Qb4 24.a5 h6 25.h3 Rc8 26.Rd3 Nh5 27.Kh2 g5 28.g3 b5 29.axb6 axb6
30.h4 gxh4 31.g4 b5 32.Nd2 Ng3 33.Qxh6 Qc5 34.Qxh4 Ne2 35.Rd8+ Rxd8 36.Qxd8+ Kg7
37.Kh3 Qe3 38.g5 Nf4+ 39.Kg4 Ng6 40.Qf6+ Kg8 41.Qd8+ Kh7 42.Qf6 Qg1+ 43.Kh3 Qh1+
44.Kg3 Qe1+ 45.Kh3 Qh1+ 46.Kg3 Qe1+  1/2-1/2

[Event "48th Capablanca Open I 2013"]
[Site "Havana CUB"]
[Date "2013.04.25"]
[Round "5.4"]
[White "Swinkels,R"]
[Black "Delgado Ramos,H"]
[Result "1-0"]
[WhiteElo "2522"]
[BlackElo "2455"]

1.d4 d5 2.c4 c6 3.Nf3 Nf6 4.Nc3 dxc4 5.a4 Bf5 6.Ne5 Nbd7 7.Nxc4 Qc7 8.g3 e5
9.dxe5 Nxe5 10.Bf4 Nfd7 11.Bg2 g5 12.Ne3 gxf4 13.Nxf5 fxg3 14.hxg3 O-O-O
15.Qc2 Nf6 16.Ne3 Bc5 17.Qf5+ Nfd7 18.Ng4 Nxg4 19.Qxg4 Kb8 20.Qf5 Bd4 21.Ne4 Ne5
22.O-O Qd7 23.Qf4 Qg4 24.e3 Bxb2 25.Qxg4 Nxg4 26.Rab1 Ba3 27.Ng5 Rhg8 28.Bxc6 Rxg5
29.Rxb7+ Kc8 30.Rxf7 Ne5 31.Bb7+ Kb8 32.Rxh7 Rd7 33.Rb1 Rxh7 34.Be4+ Kc8
35.Bxh7 Nd7 36.Kg2 Ra5 37.Bc2 Rc5 38.Bd3 Nb6 39.Rb3 Bc1 40.a5 Nd5 41.a6 Kd7
42.Rb7+ Rc7 43.Bf5+ Kd8 44.e4 Nf6 45.e5 Nd7 46.Bxd7 Kxd7 47.Rxc7+ Kxc7 48.Kf3 Kb6
49.g4 Kxa6 50.e6 Bg5 51.Ke4 Kb6 52.Kf5 Be7 53.g5  1-0

[Event "Zonal 2.5 2013"]
[Site "Montevideo URU"]
[Date "2013.04.25"]
[Round "9.1"]
[White "Mareco,S"]
[Black "Felgaer,R"]
[Result "1/2-1/2"]
[WhiteElo "2580"]
[BlackElo "2585"]

1.d4 d5 2.c4 c6 3.Nf3 Nf6 4.Nc3 dxc4 5.a4 Bf5 6.Ne5 e6 7.f3 Bb4 8.Nxc4 O-O
9.Kf2 c5 10.Na2 Nc6 11.Nxb4 Nxb4 12.e4 Bg6 13.Qb3 Nxe4+ 14.fxe4 Qxd4+ 15.Be3 Qxe4
16.Be2 Qh4+ 17.Kg1 Rfd8 18.Bf2 Qe7 19.Qc3 b6 20.h4 Be4 21.Rh3 f6 22.h5 h6
23.Rf1 Nd5 24.Qc1 e5 25.Bg3 Kh8 26.Rh4 Bh7 27.Rg4 Rd7 28.Bf3 Rad8 29.Be4 Qe6
30.Rh4 Nf4 31.Bxf4 Bxe4 32.Bxe5 Bd3 33.Rxf6 gxf6 34.Qxh6+ Kg8 35.Bxf6 Bxc4
36.Qg5+ Kf8 37.Bxd8 Ke8 38.Bf6 Rd5 39.Qg6+ Kd7 40.Re4 Rd1+ 41.Kf2 Rf1+ 42.Kg3 Qd6+
43.Be5 Qxg6+ 44.hxg6 Bd5 45.Rg4 Re1 46.Bc3 Re2 47.Kh2 Re4 48.Rg5 Bg8 49.a5 Kc6
50.axb6 axb6 51.Kh3 b5 52.g4 b4 53.Bg7 Re8 54.Kh4 c4 55.Rf5 Re4 56.Bf8 Be6
57.Rg5 c3 58.bxc3 bxc3 59.g7 c2 60.Ba3 Kd7 61.Kh5 Ra4 62.Bc1 Rd4 63.Re5 Rxg4
64.Rxe6 Kxe6 65.Kxg4 Kf7  1/2-1/2

[Event "TCh-CZE Extraliga 2012-13"]
[Site "Czech Republic CZE"]
[Date "2013.04.27"]
[Round "10.1"]
[White "Babula,V"]
[Black "Najer,E"]
[Result "0-1"]
[WhiteElo "2585"]
[BlackElo "2647"]

1.d4 d5 2.c4 c6 3.Nf3 Nf6 4.Nc3 dxc4 5.a4 Bf5 6.Nh4 e6 7.Nxf5 exf5 8.e3 Bb4
9.Bxc4 O-O 10.Qc2 g6 11.O-O Nbd7 12.f3 Rc8 13.Kh1 c5 14.dxc5 Ne5 15.Ba2 Qd3
16.Qf2 Bxc5 17.Qe1 Bb4 18.e4 Rxc3 19.Bh6 Rc4 20.Qh4 Rc6 21.exf5 a5 22.f4 Neg4
23.Bxf8 Kxf8 24.fxg6 Qxg6 25.f5 Qg7 26.Rf3 Qh6 27.Qxh6+ Nxh6 28.Bb3 Rc5 29.Raf1 Nhg4
30.h3 Ne5 31.Re3 h5 32.Rd1 Nc6 33.Rf3 Re5 34.Rf4 Re2 35.Bd5 Rxb2 36.Bxc6 bxc6
37.Rc4 c5 38.g4 hxg4 39.hxg4 Nh7 40.g5 Nxg5 41.f6 Ke8 42.Rg4 Rd2 43.Re1+ Ne6
44.Rg8+ Kd7 45.Rg7 Nd8  0-1

[Event "48th Capablanca Open I 2013"]
[Site "Havana CUB"]
[Date "2013.04.27"]
[Round "6.18"]
[White "Borges Mateos,J"]
[Black "Hernandez Gonzalez,W"]
[Result "1/2-1/2"]
[WhiteElo "2439"]
[BlackElo "2327"]

1.d4 d5 2.c4 c6 3.Nf3 Nf6 4.Nc3 dxc4 5.a4 Bf5 6.Ne5 e6 7.f3 Bb4 8.Kf2 O-O
9.e4 Bxc3 10.bxc3 Bxe4 11.fxe4 Nxe4+ 12.Kg1 Nxc3 13.Qd2 Ne4 14.Qe3 Nd6 15.Ba3 Nf5
16.Qf2 Re8 17.Bxc4 f6 18.Rd1 Nd6 19.Ba2 Na6 20.Bb1 Nf5 21.Nf3 Qa5 22.Qc2 g6
23.Kf2 Nc7 24.g4 Nh6 25.Rhg1 Nd5 26.g5 Nf5 27.gxf6 Qd8 28.f7+ Kxf7 29.Qb3 Rb8
30.Ng5+ Kg8 31.Qh3 Qc7 32.Rd3 Nf4 33.Qg4 Nxd3+ 34.Bxd3 Qxh2+ 35.Rg2 Qc7 36.Bc4 Qd7
37.Nf3 b5 38.Bb3 b4 39.Bb2 Rf8 40.Qe4 Ng7 41.Ke2 Qf7 42.Qxc6 Rb6 43.Qe4 a5
44.Rg5 Qf6 45.Rxa5 Nf5 46.Qe5 Nxd4+ 47.Nxd4 Qf2+ 48.Kd3 Qxb2 49.Bxe6+ Rxe6
50.Qxe6+ Kh8 51.Qe5+ Kg8 52.Rc5 Qa3+ 53.Ke4 Qxa4 54.Rc7 Qa8+ 55.Kd3 Qa6+
56.Nb5 Qf6 57.Qd5+ Kh8 58.Kc4  1/2-1/2

[Event "Nakhchivan Open A 2013"]
[Site "Nakhchivan AZE"]
[Date "2013.04.29"]
[Round "7.29"]
[White "Idrisov,T"]
[Black "Zeynalov,F"]
[Result "1/2-1/2"]
[WhiteElo "2259"]
[BlackElo "2320"]

1.d4 d5 2.Nf3 Nf6 3.c4 dxc4 4.Nc3 c6 5.a4 Bf5 6.e3 e6 7.Bxc4 Bb4 8.O-O Nbd7
9.Qe2 Bg4 10.Rd1 O-O 11.e4 Bxf3 12.Qxf3 e5 13.d5 h6 14.dxc6 bxc6 15.Ne2 Qe7
16.Ng3 Rfd8 17.Nf5 Qf8 18.a5 Nc5 19.Rxd8 Rxd8 20.Be3 Ncxe4 21.Bxa7 Bxa5 22.h3 Bc7
23.Be3 Bb8 24.b3 Kh7 25.Rf1 Rd7 26.Ng3 Nxg3 27.fxg3 Ba7 28.Bxa7 Rxa7 29.Qf5+ Kg8
30.Qxe5 Rd7 31.Re1 Qb4 32.Kh2 Qd2 33.Ra1 Qf2 34.Rf1 Qd4 35.Qf5 Qe4 36.Qa5 Kh7
37.Qc3 Qg6 38.Qf3 Rd6 39.Re1 Rd7 40.Re3 Qg5 41.Re1 Nd5  1/2-1/2

[Event "48th Capablanca Open II 2013"]
[Site "Havana CUB"]
[Date "2013.04.30"]
[Round "9.28"]
[White "Admiral,P"]
[Black "Fuentes,Adrian"]
[Result "1-0"]
[WhiteElo "2192"]
[BlackElo "1984"]

1.d4 d5 2.c4 c6 3.Nc3 Nf6 4.Nf3 dxc4 5.a4 Bf5 6.Ne5 Nbd7 7.Nxc4 Qc7 8.g3 e5
9.dxe5 Nxe5 10.Bf4 Nfd7 11.Nxe5 Nxe5 12.Qd4 f6 13.Rd1 Be6 14.Bg2 Be7 15.O-O O-O
16.Ne4 Rfd8 17.Qc3 a5 18.Ng5 Bf7 19.Nxf7 Kxf7 20.Bd5+ Kf8 21.Ba2 Rxd1 22.Rxd1 Rd8
23.Rxd8+ Bxd8 24.Qb3 g5 25.Qg8+ Ke7 26.Qe6+ Kf8 27.Qg8+ Ke7 28.Qxh7+ Kf8
29.Qg8+ Ke7 30.Qe6+ Kf8 31.Bxe5 fxe5 32.Qg8+ Ke7 33.Qxg5+  1-0

[Event "Zonal 2.4 Absoluto 2013"]
[Site "Manaus BRA"]
[Date "2013.05.01"]
[Round "6.28"]
[White "Zimmermann,Kleber Renato P."]
[Black "Borensztajn,D"]
[Result "1/2-1/2"]
[WhiteElo "1984"]
[BlackElo "1886"]

1.d4 d5 2.c4 c6 3.Nc3 Nf6 4.Nf3 dxc4 5.a4 Bf5 6.e3 e6 7.Bxc4 Bb4 8.Qb3 a5
9.O-O Qc7 10.Bd2 Nbd7 11.Rfe1 O-O 12.Rac1 Bg4 13.Be2 Bxc3 14.Bxc3 Nd5 15.Bd2 Qb6
16.Qxb6 N5xb6 17.b3 Rfd8 18.Kf1 e5 19.Nxe5 Nxe5 20.dxe5 Be6 21.Bc3 Nd5 22.Bd4 Nb4
23.Bc4 Bf5 24.Red1 Re8 25.Bc3 Na2 26.Bd4 Nxc1 27.Rxc1 Rac8 28.f4 b5 29.Be2 Be6
30.axb5 cxb5 31.Ra1 Bxb3 32.Bxb5 Bc4+  1/2-1/2

[Event "46th ch-JPN"]
[Site "Tokyo JPN"]
[Date "2013.05.04"]
[Round "7.1"]
[White "Ikeda,J"]
[Black "Kojima,S"]
[Result "1/2-1/2"]
[WhiteElo "2367"]
[BlackElo "2384"]

1.d4 d5 2.c4 c6 3.Nf3 Nf6 4.Nc3 dxc4 5.a4 Bf5 6.e3 e6 7.Bxc4 Bb4 8.O-O O-O
9.Qb3 Qe7 10.Ne2 h6 11.Ne5 Nbd7 12.Nd3 Bd6 13.f3 Bxd3 14.Bxd3 c5 15.Bd2 cxd4
16.exd4 Nb6 17.Nc3 Nbd5 18.g3 Rfd8 19.Be4 Rac8 20.Rfe1 Qd7 21.Rad1  1/2-1/2

[Event "Mukachevo Rating 18 2013"]
[Site "Mukachevo UKR"]
[Date "2013.05.05"]
[Round "8.1"]
[White "Sevostianov,P"]
[Black "Berlin,D"]
[Result "1/2-1/2"]
[WhiteElo "2288"]
[BlackElo "2085"]

1.d4 d5 2.Nf3 Nf6 3.c4 c6 4.Nc3 dxc4 5.a4 Bf5 6.e3 e6 7.Bxc4 Bb4 8.O-O O-O
9.Qb3 Qe7 10.Ne5 h6 11.f3 Bh7 12.e4 a5 13.Nd3 Na6 14.Be3 Rfd8 15.Rfd1 Qe8
16.Rac1 Qe7 17.Na2 Nd5 18.Bf2 Ndc7 19.Naxb4 Nxb4 20.Nf4 g5 21.Nh5 Bg6 22.Ng3 Kh7
23.Qe3 Re8 24.Re1 Qd8 25.Nf1 f5 26.Nd2 Qf6 27.Bf1 Rf8 28.Nc4 fxe4 29.fxe4 Qf4
30.Bg3 Qxe3+ 31.Rxe3 Ne8 32.Be1 Rf4 33.Nd2 Rf7 34.g3 Nf6 35.Bg2 Ng4 36.Rb3 Rd7
37.h3 Nf6 38.Bf2 Kg7 39.Nc4 Re7 40.Re1 Rc7 41.Nxa5 Nc2 42.Re2 Rxa5 43.Rxc2 Nxe4
44.Bxe4  1/2-1/2

[Event "15th Ajuinentornooi 2013"]
[Site "Aalst BEL"]
[Date "2013.05.08"]
[Round "4.5"]
[White "Van Houtte,R"]
[Black "Roels,F"]
[Result "0-1"]
[WhiteElo "1902"]
[BlackElo "1949"]

1.d4 d5 2.Nf3 Nf6 3.c4 c6 4.Nc3 dxc4 5.a4 Bf5 6.h3 Nbd7 7.Bf4 Qa5 8.Nd2 Nb6
9.e4 Nxe4 10.Ndxe4 Bxe4 11.Qd2 Bd5 12.Bc7 Rc8 13.Be5 f6 14.Bh2 e6 15.Rg1 Bb4
16.g4 O-O 17.g5 Nd7 18.g6 e5 19.gxh7+ Kh8 20.dxe5 Rce8 21.O-O-O Nxe5 22.Bxe5 Rxe5
23.Qc2 Bxc3 24.bxc3 Be4 25.Qb2 Qxa4 26.Bxc4 Qxc4 27.Rd4 Qf7 28.h4 Rb5  0-1

[Event "FSFMA May 2013"]
[Site "Budapest HUN"]
[Date "2013.05.10"]
[Round "7.4"]
[White "Juhasz,Bel"]
[Black "Steer,J"]
[Result "1-0"]
[WhiteElo "2173"]
[BlackElo "2025"]

1.Nf3 Nf6 2.d4 d5 3.c4 c6 4.Nc3 dxc4 5.a4 Bf5 6.Ne5 e6 7.Nxc4 Be7 8.f3 Nbd7
9.e4 Bg6 10.Be3 O-O 11.Be2 a6 12.a5 Qc7 13.O-O Rfd8 14.Qb3 c5 15.d5 exd5
16.exd5 Rab8 17.Bf2 Bd6 18.Nxd6 Qxd6 19.Bg3 Ne5 20.f4 Neg4 21.Bxg4 Nxg4 22.f5  1-0

[Event "HC Andersen Open 2013"]
[Site "Odense DEN"]
[Date "2013.05.12"]
[Round "8.7"]
[White "Carstensen,J"]
[Black "Rostgaard,T"]
[Result "1-0"]
[WhiteElo "2381"]
[BlackElo "2275"]

1.d4 d5 2.c4 c6 3.Nf3 Nf6 4.Nc3 dxc4 5.a4 Bf5 6.Ne5 Nbd7 7.Nxc4 Nb6 8.Ne5 a5
9.f3 Nfd7 10.e4 Nxe5 11.exf5 Nec4 12.Qb3 Nd6 13.g4 g6 14.Bf4 gxf5 15.O-O-O e6
16.Bxd6 Bxd6 17.gxf5 Nd5 18.fxe6 fxe6 19.Nxd5 cxd5 20.Bh3 Bb4 21.Qe3 Ra6
22.Qe5 Kf7 23.Qh5+ Kf8 24.Rhg1 Qf6 25.Kb1 Ke7 26.f4 Rb6 27.Ka2 Rc6 28.f5 Rc2
29.Rd3 e5 30.dxe5 Qxe5 31.f6+ Kd6 32.Qxe5+ Kxe5 33.f7 Rf8 34.Rg5+ Kf6 35.Rf5+ Ke7
36.Re3+ Kd6 37.Re8 Kc6 38.Rf6+ Kc7 39.Be6 Rd2 40.Rf1 Kb6 41.Rc1 Re2 42.Rcc8  1-0

[Event "VIII American Continental 2013"]
[Site "Cochabamba BOL"]
[Date "2013.05.13"]
[Round "9.9"]
[White "Sarkar,J"]
[Black "Gonzalez,Be CRC"]
[Result "1-0"]
[WhiteElo "2437"]
[BlackElo "2461"]

1.d4 d5 2.c4 c6 3.Nf3 Nf6 4.Nc3 dxc4 5.a4 Bf5 6.Ne5 e6 7.f3 Bb4 8.Nxc4 O-O
9.Kf2 c5 10.Na2 Nc6 11.e4 Bg6 12.Nxb4 Nxb4 13.Qb3 Bxe4 14.fxe4 Qxd4+ 15.Be3 Qxe4
16.Be2 Qf5+ 17.Kg1 b6 18.Rf1 Qg6 19.h4 h5 20.Bg5 Nfd5 21.Qf3 Qc2 22.Qxh5 Qxa4
23.Rh3 f6 24.Bh6 Qe8 25.Rg3 Qxh5 26.Rxg7+ Kh8 27.Bxh5 Rg8 28.Rb7 Nc6 29.Bf7  1-0

[Event "2nd Oscar Panno GM"]
[Site "Moron ARG"]
[Date "2013.05.13"]
[Round "2"]
[White "Real de Azua,E"]
[Black "Molina,Rob"]
[Result "0-1"]
[WhiteElo "2458"]
[BlackElo "2399"]

1.d4 d5 2.c4 c6 3.Nc3 Nf6 4.Nf3 dxc4 5.a4 Bf5 6.Ne5 Nbd7 7.Nxc4 Nb6 8.Ne5 a5
9.g3 e6 10.Bg2 Bb4 11.O-O O-O 12.e3 h6 13.Qe2 Bh7 14.Rd1 Nbd5 15.Bd2 Be7
16.e4 Nb4 17.Be3 Nd7 18.Nc4 Re8 19.d5 exd5 20.exd5 c5 21.Rd2 Rb8 22.Qd1 b6
23.d6 Bg5 24.Nd5 Nxd5 25.Bxd5 Be4 26.Qb3 Bxd5 27.Rxd5 Bxe3 28.Nxe3 Ne5 29.Nc4 Nc6
30.Rad1 Qf6 31.d7 Re2 32.Rf1 Re6 33.Rfd1 Nd4 34.Qd3 Rd8 35.Kg2 Re2 36.Qxe2 Nxe2
37.Re5 Qc6+  0-1

[Event "Somov Memorial 2013"]
[Site "Kirishi RUS"]
[Date "2013.05.16"]
[Round "9.6"]
[White "Harutyunian,T"]
[Black "Codenotti,M"]
[Result "0-1"]
[WhiteElo "2359"]
[BlackElo "2385"]

1.d4 d5 2.c4 c6 3.Nf3 Nf6 4.Nc3 dxc4 5.a4 Bf5 6.Ne5 Na6 7.f3 Nd7 8.Nxc4 e5
9.Nxe5 Nxe5 10.e4 Nb4 11.Be3 Be6 12.dxe5 Qxd1+ 13.Rxd1 Bb3 14.Rd2 Nc2+ 15.Kf2 Nxe3
16.Kxe3 Bc5+ 17.Ke2 Ke7 18.g3 Rhd8 19.Bh3 Rxd2+ 20.Kxd2 Rd8+ 21.Kc1 Be3+
22.Kb1 Rd2 23.a5 b5 24.axb6 axb6 25.f4 b5 26.Bg4 b4 27.Na2 Bc2+ 28.Ka1 Rd8
29.Nxb4 Ra8+ 30.Na2 Bb3 31.Kb1 Rxa2 32.Re1 Bd4 33.Re2 Ra8 34.Rd2 c5 35.Rd3 Bc4
36.Rd2 Rd8 37.Be2 Bb3 38.Bd1 Be6 39.Bf3 Bb3 40.Bd1 Bxd1 41.Rxd1 Bf2 42.Rf1 Rd2
43.Kc1 Re2 44.Rd1 Be3+ 45.Kb1 Bd4 46.Kc1 Bxb2+  0-1

[Event "BSG Pinkstertoernooi 2013"]
[Site "Bussum NED"]
[Date "2013.05.18"]
[Round "2.17"]
[White "Van 't Hof,E"]
[Black "Schelvis,Richard"]
[Result "1/2-1/2"]
[WhiteElo "2152"]
[BlackElo "1916"]

1.d4 d5 2.c4 c6 3.Nf3 Nf6 4.Nc3 dxc4 5.a4 Bf5 6.Ne5 Nbd7 7.Nxc4 e6 8.f3 Bb4
9.Kf2 O-O 10.e4 Bg6 11.Be3 Bxc3 12.bxc3 Bxe4 13.fxe4 Nxe4+ 14.Kg1 b5 15.Qc2 Ndf6
16.Nd2 Nxd2 17.Bxd2 e5 18.Be3 Ng4 19.Bf2 Nxf2 20.Qxf2 exd4 21.cxd4 Qd5 22.h4 b4
23.Rh3 Rab8 24.Rc1 b3 25.Qb2 Rb4 26.Rc5 Qd6 27.Rc4 Rfb8 28.Rhc3 h6 29.a5 Qd8
30.g3 Qxa5 31.Rxc6 Qd5 32.Rc8+ Rxc8 33.Rxc8+ Kh7 34.Rc5 Qe6 35.Re5 Qg6 36.Re3 Qb6
37.Bd3+ g6 38.Kh2 Qxd4 39.Qf2 Rb7 40.h5 Qb6 41.Qf3 Rc7 42.hxg6+ fxg6 43.Re8 Qc5
44.Qf6 Qh5+  1/2-1/2

[Event "7th IBC Limburg Open"]
[Site "Limburg NED"]
[Date "2013.05.19"]
[Round "4.10"]
[White "Goudriaan,E"]
[Black "Hansen,Vi"]
[Result "1-0"]
[WhiteElo "2374"]
[BlackElo "2088"]

1.d4 d5 2.c4 c6 3.Nc3 Nf6 4.Nf3 dxc4 5.a4 Bf5 6.Ne5 e6 7.f3 Bb4 8.e4 Bg6
9.Bxc4 Nbd7 10.Qb3 Qb6 11.Nd3 Ba5 12.Qxb6 Bxb6 13.Ne2 a5 14.Bd2 O-O 15.Bc3 c5
16.dxc5 Nxc5 17.Ndf4 Rac8 18.Bb5 Bc7 19.O-O-O Rfd8 20.h4 e5 21.Nd3 Nb3+ 22.Kb1 Nd4
23.Bxd4 exd4 24.Ndf4 Bxf4 25.Nxf4 Rc5 26.Rd2 Nxe4 27.fxe4 Bxe4+ 28.Bd3 Bc6
29.b3 Rc3 30.Kb2 h6 31.Bc4 Rg3 32.Rhd1 g5 33.hxg5 hxg5 34.Nd5 Rxd5 35.Bxd5 Bxd5
36.Rxd4 Bxb3 37.R1d2 Be6 38.Rd6 Rb3+ 39.Kc2 Rb4 40.R2d4 Bb3+ 41.Kc3 Bxa4
42.R6d5 Rxd4 43.Rxg5+ Kf8 44.Kxd4 Bc6 45.g3 a4 46.Re5 Kg7 47.Kc5 Kf6 48.Kd6 Bf3
49.Ra5 Bc6 50.Ra8 Kf5 51.Rg8 Ke4 52.g4 a3 53.g5 Kf5 54.Ra8 Kxg5 55.Rxa3 Kf4
56.Rb3 f5 57.Rb4+ Be4 58.Ke6 Ke3 59.Ke5 Bd3 60.Rh4 b5 61.Rh3+ Kd2 62.Kd4 Be2
63.Ke5 Bd3 64.Kd4 Be2 65.Rb3 f4 66.Rb2+ Ke1 67.Ke4 f3 68.Ke3 Bd1 69.Rh2 Be2
70.Rh1+ Bf1 71.Kxf3 b4 72.Rh4 b3 73.Rb4 Be2+ 74.Ke3 Bd1 75.Rh4 Be2 76.Rh2 Bc4
77.Rd2 Bf7 78.Rd6 Bc4 79.Rc6 Be2 80.Rc1+ Bd1 81.Rb1 b2 82.Ke4  1-0

[Event "Open Hradec Kralove 2013"]
[Site "Hradec Kralove CZE"]
[Date "2013.05.21"]
[Round "9"]
[White "Volodin,V"]
[Black "Jiruse,J"]
[Result "0-1"]
[WhiteElo "2181"]
[BlackElo "1995"]

1.Nf3 d5 2.d4 c6 3.c4 Nf6 4.Nc3 dxc4 5.a4 Bf5 6.g3 e6 7.Bg2 Bb4 8.O-O O-O
9.Ne5 Qe7 10.e3 a5 11.Qe2 Na6 12.Qxc4 c5 13.Na2 cxd4 14.exd4 Rac8 15.Qb5 Be4
16.Bg5 Bxg2 17.Kxg2 Rfd8 18.Rac1 h6 19.Bxf6 gxf6 20.Nf3 Nb8 21.Nc3 Nc6 22.Qh5 Kh7
23.d5 Bxc3 24.dxc6 Bb4 25.Qb5 bxc6 26.Rxc6 Rxc6 27.Qxc6 Qd7 28.Qe4+ f5 29.Qh4 Be7
30.Qc4 Bf6 31.b3 Rc8 32.Rd1 Qb7 33.Qb5 Qxb5 34.axb5 Rb8 35.Rd7 Kg6 36.Nd4 Bxd4
37.Rxd4 Rxb5 38.Ra4 h5 39.h4 Kf6 40.Ra3 Ke5 41.Ra4 Kd5 42.Kf1 Kc6 43.Ke2 Kb6
44.Ra3 Rb4 45.Kd3 f4 46.Ke2 fxg3 47.fxg3 Kb5 48.Ke3 e5 49.Kf3 f5 50.Ke3 Rg4
51.Kf3 e4+ 52.Kf2 f4 53.gxf4 Rxf4+ 54.Kg3 Rg4+ 55.Kh3 e3 56.b4 axb4 57.Rxe3 Rc4
58.Re8 b3 59.Kg3 Rb4  0-1

[Event "Asian Continental w 2013"]
[Site "Manila PHI"]
[Date "2013.05.22"]
[Round "5.1"]
[White "Huang Qian"]
[Black "Munguntuul,B"]
[Result "1/2-1/2"]
[WhiteElo "2469"]
[BlackElo "2442"]

1.d4 d5 2.Nf3 Nf6 3.c4 c6 4.Nc3 dxc4 5.a4 Bf5 6.Ne5 Na6 7.f3 Nd7 8.Nxc4 e5
9.e4 exd4 10.Ne2 Bb4+ 11.Kf2 Bc5 12.exf5 d3+ 13.Be3 dxe2 14.Bxe2 O-O 15.Bxc5 Ndxc5
16.Qxd8 Raxd8 17.Rhd1 Rxd1 18.Rxd1 Nxa4 19.Na5 Nb4 20.Nxb7 Rb8 21.b3 Kf8
22.Na5 Nc3 23.Rd7 Nxe2 24.Kxe2 Rb5 25.Rxa7 Rxf5 26.Nc4 Rd5 27.Ne3 Rd8 28.Rb7 Nd5
29.Nxd5 Rxd5 30.Rc7 Rb5 31.Rxc6  1/2-1/2

[Event "Hungarian National Open 2013"]
[Site "Zalakaros HUN"]
[Date "2013.05.26"]
[Round "5"]
[White "Secheres,Ad"]
[Black "Varga,Me"]
[Result "0-1"]
[WhiteElo "2130"]
[BlackElo "2213"]

1.d4 d5 2.c4 c6 3.Nf3 Nf6 4.Nc3 dxc4 5.a4 Bf5 6.e3 e6 7.Bxc4 Bb4 8.O-O O-O
9.Qe2 Bg4 10.Rd1 Qe7 11.e4 e5 12.d5 Nbd7 13.dxc6 bxc6 14.Na2 Bc5 15.h3 Bh5
16.a5 Bd4 17.g4 Bg6 18.Nxd4 exd4 19.f3 c5 20.Bf4 Ne5 21.Nc1 Rab8 22.b3 Rbd8
23.Nd3 Nxc4 24.bxc4 Nd7 25.Rab1 f5 26.Qh2 fxe4 27.Bd6 Qe6 28.Bxf8 exd3 29.Bd6 Qxc4
30.Rb7 Qd5 31.Rxa7 Qxf3 32.Rf1 Qe3+ 33.Qf2 h6 34.Rc7 Qxh3 35.a6 Be4 36.Qh2 Qe3+
37.Qf2 d2 38.Be7 Qh3 39.Qxd2 Qg3+  0-1

[Event "e2e4 Sunningdale Open"]
[Site "Ascot ENG"]
[Date "2013.05.27"]
[Round "6"]
[White "Batchelor,Peter J"]
[Black "Moss,Guy"]
[Result "1-0"]
[WhiteElo "2132"]
[BlackElo "1982"]

1.d4 d5 2.c4 c6 3.Nf3 Nf6 4.Nc3 dxc4 5.a4 Bf5 6.e3 e6 7.Bxc4 Nbd7 8.O-O Bb4
9.Qe2 Nb6 10.Bb3 O-O 11.e4 Bg6 12.a5 Nbd7 13.e5 Nd5 14.Bd2 Nxc3 15.Bxc3 Be7
16.Ne1 b6 17.f4 bxa5 18.g4 Qb8 19.Ba4 Qb6 20.f5 exf5 21.gxf5 Nxe5 22.Qxe5 Bf6
23.Qc5 Qxc5 24.dxc5 Bxc3 25.bxc3 Bh5 26.Bxc6 Rac8 27.Bd5 Rxc5 28.c4 Be2 29.Rf4 Rfc8
30.Rb1 h5 31.Nf3 Bxc4 32.Bxc4 Rxc4 33.Rxc4 Rxc4 34.Rb8+ Kh7 35.Ng5+ Kh6 36.Nxf7+ Kh7
37.Rh8+  1-0

[Event "ch-CZE w 2013"]
[Site "Ledec nad Sazavou CZE"]
[Date "2013.05.27"]
[Round "5.1"]
[White "Suchomelova,Simona"]
[Black "Olsarova,K"]
[Result "1/2-1/2"]
[WhiteElo "1762"]
[BlackElo "2260"]

1.d4 d5 2.Nf3 Nf6 3.c4 c6 4.Nc3 dxc4 5.a4 Bf5 6.e3 e6 7.Bxc4 Bb4 8.O-O O-O
9.Qe2 Nbd7 10.e4 Bg6 11.Bd3 Bh5 12.e5 Nd5 13.Nxd5 cxd5 14.Qe3 Be7 15.Bd2 Bg6
16.Ne1 Rc8 17.f4 Nb6 18.b3 Rc6 19.g4 Bxd3 20.Nxd3 f5 21.g5 Qd7 22.Bb4 Bxb4
23.Nxb4 Rc7 24.Qd2 Rfc8 25.Rac1 Qe8 26.Rxc7 Rxc7 27.Rc1 Rxc1+ 28.Qxc1 Qh5
29.Nd3 Qg4+ 30.Kf2 Qh3 31.Nc5 Qxh2+ 32.Ke3 Qg3+ 33.Ke2 Qg2+ 34.Kd3 Kf7 35.Nxb7 Qf3+
36.Kc2 Qe2+ 37.Qd2 Qe4+ 38.Kb2 Nc8 39.Qc3 Qxf4 40.Qxc8 Qxd4+ 41.Qc3 Qb6 42.Nd6+ Kg6
43.a5 Qf2+ 44.Ka3 Kxg5 45.Qc8 Kf4 46.Qxe6 Qc5+ 47.Ka2 Qxa5+ 48.Kb2 Qd2+ 49.Ka3 Qc1+
50.Ka2 Qc2+ 51.Ka3 Qc5+ 52.Ka2 g6 53.Nf7 d4 54.Qd6 Qa5+ 55.Kb2 Qc3+ 56.Ka3 Ke3
57.e6 Qa5+ 58.Kb2 Qd2+ 59.Ka3 Qa5+  1/2-1/2

[Event "OKU Open A 2013"]
[Site "Maarssen NED"]
[Date "2013.06.01"]
[Round "3.12"]
[White "Holwijn,M"]
[Black "Balje,J"]
[Result "1/2-1/2"]
[WhiteElo "2032"]
[BlackElo "2189"]

1.d4 d5 2.Nf3 Nf6 3.c4 c6 4.Nc3 dxc4 5.a4 Bf5 6.e3 e6 7.Bxc4 Bb4 8.O-O O-O
9.Qe2 Nbd7 10.Rd1 Bg6 11.Bd3 Bxd3 12.Qxd3 Qa5 13.e4 e5 14.Na2 exd4 15.Nxb4 Qxb4
16.Bd2 Qd6 17.Qxd4 Qxd4 18.Nxd4 Nxe4 19.Bb4 c5 20.Nf5 Rfd8 21.Be1 Ne5 22.f3 Nf6
23.Nd6 Rd7 24.Bc3 Nc6 25.Bxf6 gxf6 26.Ne4 Re7 27.Nxc5 Re2 28.Rab1 Kg7 29.Nxb7 Rb8
30.Kf1 Rc2 31.Rdc1 Rxc1+ 32.Rxc1 Rxb7 33.Rxc6 Rxb2 34.Rc7 f5 35.Rxa7 Ra2
36.a5 f4 37.h3 Kf6 38.a6 Kg6 39.Ra8 Kg7 40.a7 h6 41.Ke1 Kh7 42.Kd1 Kg7 43.Kc1 Kh7
44.Kb1 Ra4 45.Kb2 Kg7 46.Kb3 Ra1 47.Kb4 Ra2 48.Kb5 Ra1 49.Kb6 Rb1+ 50.Kc7 Ra1  1/2-1/2